00605nam a2200157Ia 4500008004100000082001800041100002000059245005700079260005000136365000600186630005700192730005700249942000900306999001900315952011300334100415s9999 xx 000 0 und d b19722a584.15 aSIVAPRASAD P.S. aOrchids : the Jewels of Nilgiris: FOR REFERENCE ONLY aTAMIL NADUc2000bTAMILNADU FOREST DEPARTMENT b0 aOrchids : the Jewels of Nilgiris: FOR REFERENCE ONLY aOrchids : the Jewels of Nilgiris: FOR REFERENCE ONLY cBOOK c602619d602616 00104070aBNHSbBNHSd2001-04-30g0.00l0o584.15 19722pBNHS-19722r2010-04-15 00:00:00w2010-04-15yBOOK